Los Indios Koreguaje : (Registro nro. 68132)
[ vista simple ]
| 000 -LÍDER | |
|---|---|
| Campo fijo de descripción fija | 01395nas a2200217 i 4500 |
| 001 - NÚMERO DE CONTROL | |
| Campo de control | 768714001 |
| 003 - IDENTIFICADOR DEL NÚMERO DE CONTROL | |
| Campo de control | CO-MdFUSB |
| 005 - FECHA Y HORA DE LA ULTIMA TRANSACCIÓN | |
| control field | 20240826082419.0 |
| 008 - ELEMENTOS DE LONGITUD FIJA -- INFORMACIÓN GENERAL | |
| Campo fijo de descripción fija -- Información general | 220909t1994 ck ||||| |||| 00| 0 spa d |
| 022 ## - NÚMERO INTERNACIONAL NORMALIZADO PARA PUBLICACIONES SERIADAS | |
| Número Internacional Normalizado para Publicaciones Seriadas | 01200828 |
| 040 ## - FUENTE DE CATALOGACIÓN | |
| Idioma de catalogación | spa |
| Agencia que realiza la transcripción | CO-MdFUSB |
| Agencia que realiza la modificación | CO-MdFUSB |
| 041 ## - CÓDIGO DE IDIOMA | |
| Código de idioma para texto/pista de sonido o título separado | spa |
| 100 ## - ASIENTO PRINCIPAL--NOMBRE PERSONAL | |
| Nombre personal | Usme Sánchez, José Duvier, |
| Término relacionador | autor |
| 245 14 - TÍTULO | |
| Título | Los Indios Koreguaje : |
| Subtitulo | impacto de la bonanza de la coca en su cultura. |
| Mención de responsabilidad | / José Duvier Usme Sánchez , Ana Leticia Hoyos Salazar |
| 520 ## - NOTA DE RESUMEN, ETC. | |
| Nota de sumario, etc. | La parte central empieza planteando un análisis a partir de la nueva significación del uso de la coca como objeto que representa un valor monetario. El análisis de la cultura Koreguaje en la actualidad y de los cambios que ha sufrido por el impacto de la bonanza coquera, se tratan por segmentos culturales del sistema económico, la estructura social y el sistema ideológico.<br/>Finalmente, tratamos de resumir los principales resultados y de facilitar algunas recomendaciones generales para superar la crisis actual que viven los indígenas Koreguaje, como consecuencia de una inesperada bonanza coquera. |
| 650 #7 - ASIENTO SECUNDARIO DE MATERIA - TERMINO TEMÁTICO | |
| 9 (RLIN) | 6714 |
| Término temático o nombre geográfico como elemento de entrada | Antropología cultural y social |
| 700 ## - ENTR. SECUNDARIA - Nombre Personal (R) | |
| Nombre de persona | Hoyos Salazar, Ana Leticia, |
| Término indicativo de función | autor |
| 773 0# - ASIENTO DE ITEM FUENTE | |
| Biblionumber | 49438 |
| Itemnumber | 81257 |
| Lugar, editorial y fecha de publicación | Centro Antropológico Colombiano |
| Otro identificador del ítem | R1693 |
| Título | Ethnia |
| Número de control del registro | (CO-MdFUSB)768714001 |
| Parte(s) relacionada(s) / Volumen., número. (mes año), páginas | Volumen 74, (octubre, 1994), páginas: 6 - 95 |
| Enumeración y primera página | página: 6 |
| 942 ## - TIPO DE MATERIAL (KOHA) | |
| Tipo de Item KOHA | Artículos de Revista |
| 945 ## - INFORMACIÓN LOCAL DEL REGISTRO | |
| Catalogador | AF |
No hay ítems disponibles.
